000 00305nam a2200133Ia 4500
008 140626s9999 xx 000 0 und d
100 _aWells, Susan
245 _aGet Moving /
_cSusan Wells.
260 _cc2012.
300 _a57 : 9, page 30
440 _aHR Magazine
521 _aBSBA
942 _cSE
999 _c121476
_d121476